| 000 | 03708nam0a2200397 4500 | ||
|---|---|---|---|
| 001 | RU\NLR\BIBL_A\012790466 | ||
| 005 | 20221222153257.0 | ||
| 010 |
_a978-5-93365-135-2 _9500 |
||
| 021 |
_aRU _bКН-П-22-007903 _9КН-П-22-0639 |
||
| 035 | _a(NLR Aleph) 012790466 | ||
| 035 | _a(RuMoRGB)010976398 | ||
| 090 |
_a13151469 _c13151469 |
||
| 100 | _a20220518d2021 k y0rusy50 ca | ||
| 101 | 0 | _arus | |
| 102 | _aRU | ||
| 105 | _aa z 100zy | ||
| 181 | 1 |
_ai _b e |
|
| 182 | 1 | _an | |
| 200 | 1 |
_aУправление АРТ-проектами в современной культуре и социуме _e[материалы всероссийской конференции, 18-19 февраля 2021 года] _fМинистерство культуры Российской Федерации, Ростовская государственная консерватория имени С. В. Рахманинова _gредактор-составитель A. В. Крылова |
|
| 203 |
_aТекст _bвизуальный _cнепосредственный |
||
| 210 |
_aРостов-на-Дону _cИздательство Ростовской государственной консерватории _d2021 _eРостов-на-Дону |
||
| 215 |
_a158 с. _cил. _d22 |
||
| 320 | _aБиблиогр. в конце докл. | ||
| 330 | _aB сборнике представлены научные материалы всероссийской конференции, прошедшей в РГК им. С. В. Рахманинова 18-19 февраля 2021 года. Цель авторов - теоретиков и практиков - состояла в осмыслении роли и специфики применения проектного метода в сфере искусства, в оценке текущей ситуации и перспектив использования арт проектирования в профессиональной деятельности продюсеров, музыкальных менеджеров, театральных режиссеров, дирижеров, музыковедов. В книге поднят широкий комплекс проблем, охватывающих различные области управления в сфере музыкального искусства: от современных технологий продвижения арт проектов, особенностей рынка театрально-концертных услуг - до вопросов продюсерства и менеджмента как сферы практико-ориентированного образования | ||
| 606 | 1 |
_aИскусство _jСъезды, совещания и т.п _xМенеджмент _92198527 _3RU\NLR\AUTH\661321239 |
|
| 675 |
_a008-027.21(082) _v4 |
||
| 686 | 1 | _aЩ,к я431 | |
| 686 | 1 | _aЩ03(0)к я431 | |
| 702 | 1 |
_4340 _7ca _8rus _aКрылова _bА. В. _cд-р культурологии _gАлександра Владимировна _960827 _3RU\NLR\AUTH\7777899 |
|
| 711 | 1 | 2 |
_a"Управление АРТ-проектами в современной культуре и социуме", всероссийская конференция _eРостов-на-Дону _f2021 _9799737 _3RU\NLR\AUTH\880566438 |
| 712 | 0 | 2 |
_4475 _aРостовская государственная консерватория им. C. В. Рахманинова _9272438 _3RU\NLR\AUTH\881005 |
| 942 | _cBOOK | ||
| 980 | _aNB | ||